A Quiz About Monarchy - Statistics

General Stats
  • This quiz has been taken 39 times
  • The average score is 11 of 16
Answer Stats
Hint Answer % Correct
Queen of England during the Spanish Armada in 1588 Elizabeth I
100%
Current British royal house House of {Windsor}
97%
French palace built for Louis XIV, symbolizing absolute monarchy Palace of Versailles
97%
Queen who ruled Britain for over 63 years in the 19th century Queen Victoria
94%
Ceremonial event marking the official beginning of a monarch’s reign Coronation
91%
Russian tsar who modernized his country and founded Saint Petersburg Peter the Great
86%
Japanese emperor during World War II Hirohito
80%
French dynasty that ended with Louis XVI House of {Bourbon}
74%
Russian royal dynasty executed during the Bolshevik Revolution House of {Romanov}
71%
Former royal palace in France before the Revolution, now a museum Louvre Palace
71%
Mongol ruler who founded the Yuan dynasty in China Kublai Khan
66%
Ancient coronation stone in Scotland used for Scottish kings Stone of Scone
57%
King of Mali famous for his immense wealth and pilgrimage to Mecca Mansa Musa
51%
Sultan of the Ottoman Empire known for legal reforms and architectural projects Suleiman the Magnificent
40%
Queen of Hungary and Bohemia, married to Holy Roman Emperor Francis I Maria Theresa
20%
Scottish royal residence and birthplace of Mary, Queen of Scots {Linlithgow} Palace
14%
No matching quizzes found
Score Distribution
Percent of People with Each Score
Percentile by Number Answered
Your Score History
You have not taken this quiz